Datum a čas kvízu
26.5
Celkem bodů
Celkový počet nahraných bodů na tomto kvízu bez doplňovacích otázek.
9.
Pořadí na kvízu
Konečné umístění týmu na tomto kvízu.
Zaznamenané odpovědi
| # | Otázka | Odpověď | Body | Výsledky |
|---|---|---|---|---|
| 1. | Ve středu utekla jednomu chova... | o pumě | 0 | |
| 2. | Téměř dvě desetiletí hyzdil pa... | o Florencii | 0 | |
| 3. | Minulý týden proběhl v Hradci... | 30. ročník, Guns N' Roses | 1 | |
| 4. | Česká mutace jednoho oblíbenéh... | Playboy | 0 | |
| 5. | Ve které zemi byl v úterý zahá... | na Slovensku | 0 | |
| 6. | Toto téma začneme prostě, a to... | Chiméra | 0 | |
| 7. | Termínem Jókai (Yōkai) se ozna... | A | 0 | |
| 8. | V roce 2009 byl Rodinným autem... | Škoda Yeti | 0 | |
| 9. | V této otázce bude vaším úkole... | 1C 2A 3D 4B | 1 | |
| 10. | Na závěr jedno české mytologic... | Blaník | 0 |